000 00648nam a2200217Ii 4500
003 JO-AjNU
008 230605s9999||||xx |||||||||||||| ||und||
017 _a1989/9/623
040 _aJO-AjNU
_bara
_erda
_cJO-AjNU
041 _aara
050 1 4 _aPJ780.A96.A15 1991
100 3 _aتاليف الرازم،عائشة الخواجا,
_eauthor
_914095
245 0 0 _aإلى فلسطين
250 _aط1
264 3 1 _aعمان: المؤلف،1989
300 _a173ص
336 _atext
_btxt
_2rdacontent
337 _aunmediated
_bn
_2rdamedia
338 _avolume
_bnc
_2rdacarrier
650 4 _aالى فسطين-القصة العربية
_914096
999 _aA3678
_c7246
_d7246